000 00496nam a2200181Ia 4500
005 20250326142317.0
008 250326s9999 xx 000 0 und d
037 _aTextbook
040 _aFMSL
_beng
_cFMSL
041 _aeng
_2eng
084 _qFMSL
100 _aPorter M E
245 0 _aCompetitive advantage: Creating and sustaining superior performance
_cPorter M E
260 _aNew York
_bNew York, Free Press
_c1985
300 _a575p
942 _cTB
999 _c1294420
_d1294420